Sports Quiz

Random Sports or MLB Quiz

MLB Perfect Games Quiz Stats

 Plays Quiz Updated Dec 5, 2018

Support Sporcle.
Go Orange.
Score 0/23 Timer 04:00
0 Plays Today
Year Pitcher % Correct
2004Randy Johnson
76.1%
1999David Cone
61.4%
1998David Wells
60.2%
1904Cy Young
55.3%
2012Felix Hernandez
54.6%
2012Philip Humber
50.3%
1965Sandy Koufax
49.3%
2012Matt Cain
44.9%
2010Roy Halladay
43.5%
1956Don Larsen
42.9%
2009Mark Buehrle
41.1%
1991Dennis Martinez
36.3%
Year Pitcher % Correct
2010Dallas Braden
31.8%
1994Kenny Rogers
22.1%
1964Jim Bunning
18.4%
1988Tom Browning
18.3%
1968Catfish Hunter
17.9%
1981Len Barker
15.8%
1984Mike Witt
14.1%
1908Addie Joss
11.5%
1922Charlie Robertson
8.1%
1880Monte Ward
7.8%
1880Lee Richmond
7%

You're not logged in!

Compare scores with friends on all Sporcle quizzes.
OR
Log In
Forgot?

From the Vault

Guess Who's Calling?

by Hejman

History 5m
Whoever is calling, we hope it isn't one of those telemarketers.
Remove Ads.
Support Sporcle.
Get the best of Sporcle when you Go Orange. This ad-free experience offers more features, more stats, and more fun while also helping to support Sporcle. Thank you for becoming a member.

Show Comments

Extras

Top Quizzes Today


Score Distribution

Your Account Isn't Verified!

In order to create a playlist on Sporcle, you need to verify the email address you used during registration. Go to your Sporcle Settings to finish the process.

Report this User

Report this user for behavior that violates our Community Guidelines.

Details: